[Event "Euskadi tch DH"]
[Site ""]
[Date "2012.03.10"]
[Round "9.2"]
[White "Astasio Lopez, David"]
[Black "Rebole Arbea, Jose Ignacio"]
[Result "1-0"]
[WhiteElo "2327"]
[BlackElo "2192"]

1.d4 c5 2.e3 Nf6 3.Nf3 g6 4.dxc5 Bg7 5.c3 Ne4 6.Qd5 Nf6 7.Qc4 b6 8.cxb6 
O-O 9.bxa7 Rxa7 10.Nbd2 Nc6 11.b4 Bb7 12.Bb2 d5 13.Qb3 e5 14.Be2 e4 15.Nd4
Ne5 16.c4 dxc4 17.Nxc4 Bd5 18.Nb5 Rb7 19.Bxe5 Rxb5 20.Qb2 Bxc4 21.Bxc4 
Rxe5 22.Qxe5 Ne8 23.Qxe4 Bxa1 24.O-O Qf6 25.Bd5 Nd6 26.Qd3 Rb8 27.a3 Nf5 
28.g3 Be5 29.Rc1 Rd8 30.e4 Ng7 31.f4 Bb8 32.Qb3 Kh8 33.a4 Qd4+ 34.Kh1 Qd2 
35.Rd1 Qe2 36.Qd3 Qf2 37.Rf1 Qb6 38.Qb3 Ne6 39.Qb2+ Ng7 40.Bxf7 Qa7 41.Bd5
Qxa4 42.b5 h6 43.Ra1 1-0

[Event "Euskadi tch DH"]
[Site ""]
[Date "2012.03.10"]
[Round "9.2"]
[White "Mombiela Martinez, Gonzalo"]
[Black "Perez De Miguel, Alvaro"]
[Result "0-1"]
[WhiteElo "2091"]
[BlackElo "2190"]

1.e4 c6 2.c4 d5 3.exd5 Nf6 4.Nc3 cxd5 5.cxd5 g6 6.Bb5+ Nbd7 7.Nge2 Bg7 8.
d4 O-O 9.Bf4 Nb6 10.d6 exd6 11.O-O Nfd5 12.Qd2 Nxf4 13.Qxf4 d5 14.Rac1 a6 
15.Bd3 Be6 16.b3 Rc8 17.Rfd1 Qe7 18.Nb1 Bf6 19.Rxc8 Nxc8 20.Qf3 Na7 21.
Nbc3 Rd8 22.Nf4 Bxd4 23.Ncxd5 Bxd5 24.Nxd5 Qe5 25.Nf4 Nc6 26.g3 Qc5 27.Kg2
Ne5 28.Qxb7 Bxf2 29.Qe4 Ng4 30.Rd2 Be3 31.Rc2 Qxc2+ 32.Bxc2 Rd2+ 33.Kf1 
Rf2+ 34.Kg1 Rxc2+ 0-1

[Event "Euskadi tch DH"]
[Site ""]
[Date "2012.03.10"]
[Round "9.2"]
[White "Albaina Alvarez, Alvaro"]
[Black "Urriza Iricibar, Pablo"]
[Result "1-0"]
[WhiteElo "2144"]
[BlackElo "1982"]

1.e4 e6 2.d4 d5 3.Nd2 Be7 4.Ngf3 Nf6 5.Bd3 c5 6.c3 Nc6 7.O-O cxd4 8.cxd4 
Qb6 9.a3 a5 10.b3 Nxd4 11.Bb2 Nc6 12.Re1 O-O 13.Qc2 g6 14.Re2 Bd7 15.exd5 
exd5 16.Rxe7 Nxe7 17.Bd4 Qe6 18.Re1 Ne4 19.Bxe4 dxe4 20.Nxe4 Rac8 21.Qb2 
f6 22.Nxf6+ Rxf6 23.Rxe6 Rxe6 24.Bh8 Kf8 25.g4 Bc6 26.Ne5 Be4 27.f3 Rc2 
28.Qd4 Bc6 29.Qf4+ 1-0

[Event "Euskadi tch DH"]
[Site ""]
[Date "2012.03.10"]
[Round "9.2"]
[White "Ortega Lopez, Mikel"]
[Black "Gutierrez Bustillo, Diego"]
[Result "1/2-1/2"]
[WhiteElo "1793"]
[BlackElo "2018"]

1.e4 e5 2.Nf3 Nf6 3.Nxe5 d6 4.Nf3 Nxe4 5.d4 d5 6.Bd3 Be7 7.O-O Nc6 8.c4 
Nb4 9.cxd5 Nxd3 10.Qxd3 Qxd5 11.Re1 Bf5 12.Ne5 Nd6 13.Nc3 Qa5 14.Qe2 O-O 
15.b4 Qa6 16.Qxa6 bxa6 17.Bf4 Nb5 18.Nxb5 axb5 19.Nc6 Bf6 20.Ne7+ Bxe7 21.
Rxe7 c6 22.Rc7 Be4 23.Re1 Bd5 24.a3 a5 25.Bd6 Rfe8 26.Rxe8+ Rxe8 27.f3 
axb4 1/2-1/2

[Event "Euskadi tch DH"]
[Site ""]
[Date "2012.03.10"]
[Round "9.3"]
[White "Edouard, Romain"]
[Black "Alonso Arburu, Juan Ignacio"]
[Result "1-0"]
[WhiteElo "2616"]
[BlackElo "2364"]

1.e4 e5 2.Nf3 Nc6 3.Bb5 a6 4.Ba4 Nf6 5.O-O Be7 6.Re1 b5 7.Bb3 d6 8.c3 O-O 
9.d4 Bg4 10.Be3 exd4 11.cxd4 Na5 12.Bc2 c5 13.h3 Bh5 14.d5 Nc4 15.Bc1 Nd7 
16.g4 Bg6 17.Nbd2 Nxd2 18.Bxd2 Bf6 19.Rb1 Re8 20.Nh2 Bd4 21.Kg2 Nf6 22.f3 
h5 23.Nf1 Ra7 24.Be3 hxg4 25.hxg4 Qb6 26.Qd2 Rae7 27.Bxd4 cxd4 28.Rbd1 
Nxd5 29.Bb3 Nf6 30.Qxd4 Qxd4 31.Rxd4 Rd7 32.Red1 Red8 33.Ng3 Kf8 34.Rh1 
Ke7 35.f4 d5 36.f5 dxe4 37.Rxd7+ Rxd7 38.fxg6 Rd2+ 39.Kh3 fxg6 40.Re1 Rxb2
41.Nxe4 a5 42.Nxf6+ Kxf6 43.Re6+ Kg5 44.Re5+ Kf6 45.Rxb5 a4 46.g5+ Ke7 47.
Bc4 Rc2 48.Rb4 1-0

[Event "Euskadi tch DH"]
[Site ""]
[Date "2012.03.10"]
[Round "9.3"]
[White "Cruz-Lopez Claret, Carlos"]
[Black "Conquest, Stuart"]
[Result "0-1"]
[WhiteElo "2334"]
[BlackElo "2509"]

1.d4 Nf6 2.c4 Nc6 3.Nf3 e6 4.Nc3 Bb4 5.g3 d5 6.Bg2 dxc4 7.O-O O-O 8.e3 Rb8
9.Qe2 b5 10.Rd1 Qe7 11.e4 e5 12.dxe5 Nxe5 13.Nxe5 Qxe5 14.Be3 Bc5 15.Bf4 
Qe7 16.h3 Be6 17.e5 Nd7 18.Qh5 Rfc8 19.Ne4 Rb6 20.Bg5 Qf8 21.Rxd7 Bxd7 22.
Nf6+ gxf6 23.Bxf6 {(Ilegible)} 0-1

[Event "Euskadi tch DH"]
[Site ""]
[Date "2012.03.10"]
[Round "9.3"]
[White "Del Rio De Angelis, Salvador G"]
[Black "Olaizola Ortega, Luis"]
[Result "1-0"]
[WhiteElo "2531"]
[BlackElo "2215"]

1.d4 d5 2.c4 c6 3.Nf3 Nf6 4.Nc3 e6 5.Bg5 dxc4 6.e4 b5 7.e5 h6 8.Bh4 g5 9.
Nxg5 hxg5 10.Bxg5 Be7 11.exf6 Bxf6 12.Be3 Bb7 13.Qf3 Be7 14.O-O-O Qd7 15.
Ne4 Na6 16.Nf6+ Bxf6 17.Qxf6 Rg8 18.h4 Nb4 19.h5 Qe7 20.Qxe7+ Kxe7 21.Bd2 
c5 22.dxc5 Bxg2 23.Rh2 Nd3+ 24.Bxd3 cxd3 25.Re1 Rg4 26.h6 Be4 27.h7 Rh8 
28.f3 Bxf3 29.Bc3 f6 30.Rf1 Rg3 31.Rhf2 b4 32.Bxf6+ Kxf6 33.Rxf3+ Rxf3 34.
Rxf3+ Ke7 35.Rh3 e5 36.Rh4 Kd7 37.Kd2 e4 38.Rxe4 Rxh7 39.Kxd3 a5 40.Kc4 
Rh2 41.Kb5 Rxb2 42.c6+ Kd6 43.Rd4+ Kc7 44.Rd7+ Kc8 45.Kb6 b3 46.a4 Rh2 47.
Rc7+ Kb8 48.Rg7 Rh8 49.Rb7+ Kc8 50.Ra7 1-0

[Event "Euskadi tch DH"]
[Site ""]
[Date "2012.03.10"]
[Round "9.3"]
[White "Serras Uria, Antonio"]
[Black "Romero Holmes, Alfonso"]
[Result "0-1"]
[WhiteElo "2191"]
[BlackElo "2501"]

1.e4 c5 2.Nf3 d6 3.d4 cxd4 4.Nxd4 Nf6 5.Nc3 g6 6.Be2 Bg7 7.Be3 Nc6 8.Nb3 
O-O 9.O-O b6 10.f4 Bb7 11.Bf3 Nd7 12.Qe1 Rc8 13.Rf2 Qc7 14.a3 Qb8 15.Bg4 
Rcd8 16.Rd1 Nc5 17.Nd4 Qa8 18.Bf3 Nxd4 19.Bxd4 Bxd4 20.Rxd4 Ne6 21.Rc4 
Nxf4 22.e5 Ne6 23.Rh4 d5 24.Bg4 Ng5 25.Qd2 f6 26.exf6 exf6 27.Qd4 Kg7 28.
Nb5 Qb8 29.Be2 Ne4 30.Rf1 Ba6 31.Qb4 Qe5 32.Nc3 Nxc3 33.Bxa6 Ne4 34.Bd3 f5
35.a4 Rf7 36.c3 Nd2 37.Rf2 Qe1+ 38.Bf1 Ne4 39.Qd4+ Kg8 40.Rhf4 Nxf2 41.
Rxf2 Re7 42.Qf6 Qe5 43.Qc6 Qc7 44.Qb5 Qc5 45.Qd3 Re4 46.b4 Qe3 0-1

[Event "Euskadi tch DH"]
[Site ""]
[Date "2012.03.10"]
[Round "9.4"]
[White "Prie, Eric"]
[Black "Alberdi Sololuze, Paulo"]
[Result "1/2-1/2"]
[WhiteElo "2500"]
[BlackElo "2192"]

1.d4 g6 2.e4 Bg7 3.f4 c5 4.d5 d6 5.Nc3 Nf6 6.e5 dxe5 7.fxe5 Nfd7 8.e6 fxe6
9.dxe6 Ne5 10.Qxd8+ Kxd8 11.Be3 b6 12.O-O-O+ Kc7 13.Nh3 Bxe6 14.Ng5 Bd7 
15.Bb5 Bf6 16.Bxd7 Nbxd7 17.Ne6+ Kc6 18.Nd5 Nf8 19.Nec7 Rc8 20.Nxf6 Rxc7 
21.Ne4 Ne6 22.Rhe1 Rd7 23.Rxd7 Kxd7 24.b3 Nc6 25.c3 Rf8 26.Kc2 Rf5 27.Bd2 
Ncd8 28.Re2 Nf4 29.Rf2 Nd5 30.Re2 Nf4 31.Rf2 Nd5 1/2-1/2

[Event "Euskadi tch DH"]
[Site ""]
[Date "2012.03.10"]
[Round "9.4"]
[White "Salinero De Prado, Juan Manuel"]
[Black "Hernandez, Elvis"]
[Result "1-0"]
[WhiteElo "2141"]
[BlackElo "2305"]

1.b3 Nf6 2.Bb2 d5 3.e3 Nbd7 4.f4 g6 5.g4 Rg8 6.g5 Ne4 7.Qf3 c6 8.Ne2 h5 9.
d3 Qa5+ 10.Nbc3 Nxc3 11.Bxc3 Qc7 12.f5 Bg7 13.d4 Nf8 14.Bh3 Bxf5 15.Bxf5 
gxf5 16.Qxf5 Qd7 17.Qf2 Nh7 18.h4 f6 19.Qf3 O-O-O 20.Qxh5 Rh8 21.Qf7 Nxg5 
22.Qxg7 Rdg8 23.Qxg8+ Rxg8 24.hxg5 Rxg5 25.O-O-O Qe6 26.Bd2 Qd6 27.Rh8+ 
Kd7 28.Nf4 Qa3+ 29.Kb1 Rg7 30.Nd3 b6 31.Bb4 Qa6 32.Kb2 Qb7 33.Rdh1 Ke6 34.
Rf8 Kf5 35.Rf1+ Ke6 36.Nf4+ Kd7 37.Rh1 c5 38.dxc5 d4 39.Rh5 e5 40.Nd3 a5 
41.cxb6 Qxb6 42.Bc5 Qc6 43.Rxe5 Qf3 44.exd4 Qg2 45.Rxf6 a4 46.Ra6 axb3 47.
axb3 Rg5 48.Ra7+ 1-0

[Event "Euskadi tch DH"]
[Site ""]
[Date "2012.03.10"]
[Round "9.4"]
[White "Lakunza Oyarbide, Juan Carlos"]
[Black "Fernandez, G"]
[Result "1/2-1/2"]
[WhiteElo "2111"]
[BlackElo "2176"]

1.d4 Nf6 2.Nf3 d6 3.c4 g6 4.Nc3 Bg7 5.e4 O-O 6.Be2 Bg4 7.Be3 Nfd7 8.Qd2 c5
9.d5 Na6 10.Bh6 Nc7 11.Bxg7 Kxg7 12.h3 Bxf3 13.Bxf3 a6 14.Be2 Rb8 15.a4 
Re8 16.O-O h5 17.Bxh5 gxh5 18.Qg5+ Kh7 19.Qxh5+ Kg7 20.Qg5+ Kh7 21.Qh5+ 
Kg7 22.Qg5+ 1/2-1/2

[Event "Euskadi tch DH"]
[Site ""]
[Date "2012.03.10"]
[Round "9.4"]
[White "Garrido Legarreta, Jose Javier"]
[Black "Segovia Sanchez, Antonio"]
[Result "1-0"]
[WhiteElo "2063"]
[BlackElo "2045"]

1.e4 c6 2.d4 g6 3.c4 Bg7 4.Nc3 Na6 5.Be3 d6 6.f3 Bd7 7.Qd2 Qa5 8.a4 Nf6 9.
Nge2 Nb4 10.Nc1 Qc7 11.Be2 a5 12.O-O O-O 13.Nb3 Rfd8 14.Rac1 e5 15.Rfd1 
Be8 16.Bf1 Nd7 17.d5 c5 18.Nb5 Qb8 19.Qe2 Nb6 20.Ra1 Nd7 21.g3 f6 22.Bh3 
Bf7 23.Be6 Nf8 24.Bxf7+ Kxf7 25.Rf1 Nd7 26.Kh1 Ke7 27.f4 Rf8 28.fxe5 Nxe5 
29.Nxc5 dxc5 30.Bxc5+ Kf7 31.Bd6 Qe8 32.Nc7 Qd7 33.Bxe5 Rac8 34.Ne6 Kg8 
35.Nxf8 Rxf8 36.Bc3 Qd6 37.e5 fxe5 38.Rxf8+ Qxf8 39.Rf1 Qe8 40.Qg4 h5 41.
Qe6+ Qxe6 42.dxe6 Nc6 43.Rf7 Nd4 44.Bxd4 exd4 45.Rxb7 Kf8 46.Kg2 d3 47.
Rxg7 Kxg7 48.Kf3 Kf6 49.Ke3 Kxe6 50.Kxd3 Ke5 51.Kc3 Ke4 52.h4 1-0

[Event "Euskadi tch DH"]
[Site ""]
[Date "2012.03.10"]
[Round "9.5"]
[White "Cramling, Pia"]
[Black "Ponomariov, Ruslan"]
[Result "0-1"]
[WhiteElo "2491"]
[BlackElo "2727"]

1.d4 Nf6 2.Nf3 g6 3.c4 Bg7 4.Nc3 d5 5.cxd5 Nxd5 6.e4 Nxc3 7.bxc3 c5 8.Be3 
O-O 9.Be2 b6 10.Rc1 Nd7 11.O-O e6 12.Qd3 Qc7 13.Rfd1 Nf6 14.Ne5 Bb7 15.Bf3
Rfd8 16.Bf4 Qe7 17.Qe3 Ne8 18.Be2 Rac8 19.h3 cxd4 20.cxd4 Rxc1 21.Rxc1 Qb4
22.Rd1 {(Ilegible)} 0-1

[Event "Euskadi tch DH"]
[Site ""]
[Date "2012.03.10"]
[Round "9.5"]
[White "Hamdouchi, Hicham"]
[Black "Huerga Leache, Mikel"]
[Result "1-0"]
[WhiteElo "2613"]
[BlackElo "2436"]

1.e4 c5 2.Nc3 Nc6 3.Bb5 Nd4 4.Nf3 e6 5.Bc4 a6 6.Nxd4 cxd4 7.Ne2 Nf6 8.d3 
d5 9.exd5 exd5 10.Bb3 Bd6 11.Nxd4 O-O 12.h3 Re8+ 13.Be3 a5 14.a4 Be5 15.
O-O Bb8 16.Re1 Ra6 17.Nb5 Rae6 18.Qf3 Qe7 19.Kf1 Qb4 20.Bxd5 Nxd5 21.Qxd5 
Qxb2 22.Nd4 Re5 23.Qb3 Qxb3 24.Nxb3 Bc7 25.Bd2 Rxe1+ 26.Rxe1 Bd7 27.Bxa5 
Rxe1+ 28.Kxe1 Bd6 29.Kd2 Bxa4 30.Bb6 Bb4+ 31.Ke3 f6 32.Nd4 Bc3 33.Ne2 Be1 
34.c4 Bc6 35.f3 Kf7 36.d4 Ba4 37.d5 Bb3 38.Kd3 Ba2 39.Nf4 Bb4 40.Ne6 Be7 
41.Kd4 g5 42.Bc5 b6 43.Bxb6 Ba3 44.Kc3 h5 45.Be3 Ke8 46.Ng7+ Kf7 47.Nxh5 
Bd6 48.g4 Bc7 49.Bc5 f5 50.d6 Bd8 51.gxf5 Bb1 52.Ng3 Ke8 53.Ne4 Kd7 54.Be3
Ba5+ 1-0

[Event "Euskadi tch DH"]
[Site ""]
[Date "2012.03.10"]
[Round "9.5"]
[White "Varas, Carlos"]
[Black "Franco Alonso, Alejandro"]
[Result "0-1"]
[WhiteElo "2259"]
[BlackElo "2449"]

1.e4 c5 2.Nc3 Nc6 3.Nf3 e6 4.d4 cxd4 5.Nxd4 d6 6.Be3 Nf6 7.f4 Be7 8.Be2 
O-O 9.O-O Bd7 10.Nb3 Qc7 11.a4 Rfd8 12.a5 Nb4 13.Bf3 d5 14.exd5 Bc6 15.Qe2
Nfxd5 16.Nxd5 Nxd5 17.Bd2 Bf6 18.c3 b6 19.a6 Rac8 20.Be4 g6 21.Rac1 Ne7 
22.Bxc6 Qxc6 23.Be3 Nf5 24.Nd2 Qd5 25.Rcd1 Qd3 26.Qxd3 Rxd3 27.Ne4 Rxd1 
28.Rxd1 Nxe3 29.Nxf6+ Kg7 30.Rd3 Kxf6 31.Rxe3 Rc4 32.Rd3 Ke7 33.b3 Rxf4 
34.c4 h5 35.g3 Re4 36.Kf2 g5 37.Kf3 Re1 38.b4 Rc1 39.Rd4 e5 40.Rd5 Ke6 41.
Rd8 Rc3+ 42.Ke2 Rxc4 43.b5 Rb4 44.Ra8 Rxb5 45.Rxa7 Ra5 46.Kd3 f6 47.h3 Kf5
48.Ra8 b5 49.a7 Ra3+ 50.Kc2 b4 51.Kb2 Ke4 52.h4 gxh4 53.gxh4 f5 0-1

[Event "Euskadi tch DH"]
[Site ""]
[Date "2012.03.10"]
[Round "9.5"]
[White "Gonzalez De La Torre, Santiago"]
[Black "Valdezate Suarez, Fernando"]
[Result "1-0"]
[WhiteElo "2441"]
[BlackElo "1992"]

1.e4 g6 2.d4 Bg7 3.Nc3 c6 4.f4 d5 5.e5 h5 6.Nf3 Bg4 7.h3 Bxf3 8.Qxf3 e6 9.
Be3 Nh6 10.Bd3 Nd7 11.Bf2 h4 12.O-O Nf5 13.Ne2 Bf8 14.b3 Qb6 15.c4 O-O-O 
16.Rfc1 Kb8 17.c5 Qc7 18.b4 Be7 19.b5 g5 20.Rab1 Ka8 21.Rc3 gxf4 22.Bxf5 
exf5 23.Ra3 cxb5 24.Nc3 Qc6 25.Nxb5 a6 26.Qxd5 Nb8 27.Qxf7 Rd7 28.e6 Rf8 
29.Qxf8 Bxf8 30.exd7 Qxd7 31.d5 f3 32.d6 Bxd6 33.cxd6 b6 34.Nc7+ Kb7 35.
Rxb6+ Kc8 36.Rc3 Qa4 37.Nxa6+ 1-0

[Event "Euskadi tch 1D"]
[Site ""]
[Date "2012.01.14"]
[Round "1"]
[White "Dura Olmos, Gines Raul"]
[Black "Fernandez Lopategi, Jon Andoni"]
[Result "1-0"]
[WhiteElo "2083"]
[BlackElo "2042"]

1.e4 d5 2.exd5 Qxd5 3.Nc3 Qa5 4.Nf3 c6 5.d4 Bf5 6.Bc4 e6 7.O-O Nf6 8.Re1 
Bb4 9.Nh4 Bg4 10.Qd3 O-O 11.Re5 Qc7 12.Bf4 Bd6 13.Qg3 Nbd7 14.Rae1 Bh5 15.
Ne4 Bg6 16.Nxg6 hxg6 17.Nxd6 Qxd6 18.c3 Nxe5 19.dxe5 Qc5 20.exf6 Qxc4 21.
fxg7 Kxg7 22.Qh4 Qd3 23.Bh6+ Kg8 24.Qf6 1-0

[Event "Euskadi tch 1D"]
[Site ""]
[Date "2012.01.14"]
[Round "1"]
[White "Urbieta Gabancho, Koldo"]
[Black "Mosquera Ulloa, Fernando"]
[Result "1-0"]
[WhiteElo "1949"]
[BlackElo "1953"]

1.Nf3 d5 2.c4 c6 3.b3 Nf6 4.Bb2 g6 5.g3 Bg7 6.Bg2 O-O 7.O-O dxc4 8.bxc4 
Be6 9.d3 Qc8 10.Ng5 Bd7 11.Qb3 h6 12.Ne4 Na6 13.Nbd2 Bf5 14.Rab1 Bxe4 15.
dxe4 Nc5 16.Qe3 Na4 17.Ba1 Re8 18.e5 Ng4 19.Qf4 g5 20.Qe4 Nc5 21.Qd4 b6 
22.Nf3 Rd8 23.Qb2 Nd7 24.Qa3 Ngxe5 25.Bxe5 Nxe5 26.Nxe5 Bxe5 27.Qxe7 Re8 
28.Qa3 Qc7 29.e3 Bd6 30.Qa4 Rac8 31.Bh3 Rcd8 32.Bf5 Re5 33.e4 Bc5 34.Rbd1 
Bd4 35.Kg2 c5 36.Qb3 Qc6 37.Qf3 Rd6 38.Rh1 Rf6 39.h4 Kf8 40.hxg5 hxg5 41.
Rh5 Rfxf5 42.exf5 Qxf3+ 43.Kxf3 Rxf5+ 44.Ke4 Rxf2 45.Rxg5 Rxa2 46.Rf1 f6 
47.Rh5 Kg7 48.Rfh1 a5 49.Rh7+ Kg6 50.R1h2 Ra4 51.Kd5 Rb4 52.Rh8 a4 53.Rg8+
Kf7 54.Rhh8 a3 55.Ra8 Rb3 56.g4 Bb2 57.Ra7+ Kg6 58.Rg8+ Kh6 59.Ke6 Re3+ 
60.Kf7 Rf3 61.Raa8 Rf2 62.Rg6+ Kh7 63.Rh8+ Kxh8 1-0

[Event "Euskadi tch 1D"]
[Site ""]
[Date "2012.01.14"]
[Round "1.1"]
[White "Reinaldo Castiñeira, Roi"]
[Black "Aguirre Canflanca, Josu"]
[Result "1-0"]
[WhiteElo "2470"]
[BlackElo "2189"]

1.e4 e6 2.d4 d5 3.Be3 dxe4 4.Nd2 Nf6 5.Qe2 Nc6 6.c3 Qd5 7.g4 e5 8.g5 exd4 
9.gxf6 dxe3 10.Qxe3 Bf5 11.f3 O-O-O 12.fxe4 Bc5 13.Qe2 Bxe4 14.Nxe4 Rhe8 
15.Bg2 Ne5 16.Rd1 Nd3+ 17.Kf1 gxf6 18.Qxd3 Qxd3+ 19.Rxd3 Rxd3 20.Nxc5 Rd1+
21.Kf2 Rd2+ 22.Kf3 Rxb2 23.Nh3 Rxa2 24.Nf4 Re5 25.Bh3+ f5 26.Nfd3 Rd5 27.
c4 Rd8 28.Bxf5+ Kb8 29.Rb1 b6 30.Ne5 Rd6 31.Nxf7 Ra3+ 32.Ke4 Rd2 33.Ne5 a5
34.Kf4 Rf2+ 35.Kg5 h6+ 36.Kg6 Re3 37.Nc6+ Ka8 38.Bc8 Rg2+ 39.Kh7 1-0

[Event "Euskadi tch 1D"]
[Site ""]
[Date "2012.01.14"]
[Round "1.1"]
[White "Ortega Fuentes, Luis Angel"]
[Black "Zamarbide Iñarrea, Borja"]
[Result "1/2-1/2"]
[WhiteElo "2119"]
[BlackElo "2192"]

1.Nf3 f5 2.d4 e6 3.c4 b6 4.g3 Bb7 5.Bg2 Nf6 6.O-O g6 7.Nc3 Bg7 8.d5 O-O 9.
dxe6 dxe6 10.Qxd8 Rxd8 11.Bf4 Na6 12.Ng5 Bxg2 13.Kxg2 Re8 14.Be5 h6 15.Nf3
Nd7 16.Bxg7 Kxg7 17.Rfd1 Ndc5 18.Ne5 Kf6 19.Nc6 Nb8 20.Nxb8 Raxb8 21.b4 
Na6 22.a3 c6 23.Rd7 Re7 24.Rad1 Kf7 25.R7d6 Rc8 26.h4 c5 27.b5 Nb8 28.Kf3 
Rcc7 29.e4 Nd7 30.Kf4 Nf8 31.R1d2 g5+ 32.Ke3 gxh4 33.gxh4 Ng6 34.Ne2 Ne5 
35.Rc2 Rcd7 36.Rxd7 Rxd7 37.exf5 exf5 38.Rc3 Kf6 39.f3 Ng6 40.h5 Ne5 41.
Nf4 Rd4 42.Nd5+ Ke6 43.Nf4+ Kd6 44.Ne2 Rxc4 45.Rb3 Rh4 46.Rc3 Rxh5 47.Kf4 
Ke6 48.Re3 Kf6 49.Rxe5 Rh4+ 50.Kg3 Kxe5 51.Kxh4 Kd5 52.Kg3 Kc4 53.Kf4 Kd3 
54.Nc1+ Kc2 55.Kxf5 Kxc1 56.Kg6 Kd2 57.f4 c4 58.f5 c3 59.f6 c2 60.f7 c1=Q 
61.f8=Q Kc3 62.Qg7+ Kb3 63.Qxa7 Qg5+ 64.Kh7 Qxb5 65.Kxh6 Qc6+ 66.Kh7 b5 
67.Qa5 Qe4+ 68.Kg8 Qa4 69.Qe1 Qc4+ 70.Kh7 Kxa3 71.Qa1+ Kb3 72.Qb1+ Ka4 73.
Qa1+ Kb4 74.Qb2+ Qb3 75.Qd4+ Ka3 76.Qa1+ Qa2 77.Qc1+ Qb2 78.Qe3+ Ka4 79.
Qa7+ Kb3 80.Qf7+ Kc2 81.Qf2+ Kb1 82.Qe1+ Kc2 83.Qe2+ Kc3 84.Qe3+ Kc2 85.
Qe2+ Kb1 86.Qe1+ Ka2 87.Qa5+ Kb1 88.Qe1+ Kc2 89.Qe2+ 1/2-1/2

[Event "Euskadi tch 1D"]
[Site ""]
[Date "2012.01.14"]
[Round "1.1"]
[White "Tetimov, Ivan"]
[Black "Manso Marquez, Felix"]
[Result "1-0"]
[WhiteElo "2032"]
[BlackElo "2061"]

1.d4 Nf6 2.c4 e6 3.g3 d5 4.Nf3 Be7 5.Bg2 O-O 6.O-O Nbd7 7.Nc3 c6 8.Qc2 Re8
9.b3 b6 10.e4 Nf8 11.Rd1 Ba6 12.Ne5 Rc8 13.Bb2 b5 14.a3 bxc4 15.bxc4 Qa5 
16.Rac1 dxc4 17.d5 cxd5 18.exd5 exd5 19.Nxd5 Nxd5 20.Bxd5 Red8 21.Qf5 1-0

[Event "Euskadi tch 1D"]
[Site ""]
[Date "2012.01.14"]
[Round "1.1"]
[White "Mendikute Fierro, Claudio"]
[Black "Perez Marchal, Javier"]
[Result "1/2-1/2"]
[WhiteElo "2031"]
[BlackElo "1853"]

1.e4 Nf6 2.e5 Nd5 3.d4 d6 4.c4 Nb6 5.exd6 exd6 6.Bd3 Be7 7.Qf3 Nc6 8.Ne2 
Nb4 9.O-O Nxd3 10.Qxd3 O-O 11.Nbc3 Re8 12.Be3 Bf6 13.Ng3 c6 14.Nce4 d5 15.
Nxf6+ Qxf6 16.c5 Nd7 17.Rfe1 Nf8 18.b4 a6 1/2-1/2

[Event "Euskadi tch 1D"]
[Site ""]
[Date "2012.01.14"]
[Round "1.2"]
[White "Alcaide Luque, Aitor"]
[Black "Ros Eskisabel, Jose Ramon"]
[Result "1/2-1/2"]
[WhiteElo "2135"]
[BlackElo "2100"]

1.d4 Nf6 2.c4 c5 3.d5 b5 4.cxb5 a6 5.bxa6 g6 6.Qc2 d6 7.e4 Bg7 8.Nf3 O-O 
9.Nc3 Nbd7 10.Be2 Bxa6 1/2-1/2

[Event "Euskadi tch 1D"]
[Site ""]
[Date "2012.01.14"]
[Round "1.2"]
[White "Alvarado Fernandez, Mikel"]
[Black "Tornay Gomez, Josu"]
[Result "0-1"]
[WhiteElo "2006"]
[BlackElo "2115"]

1.d4 d5 2.Bg5 f6 3.Bf4 Nc6 4.Nf3 Bg4 5.e3 e5 6.dxe5 fxe5 7.Bg5 Bxf3 8.Qxf3
Qxg5 9.Qxd5 Rd8 10.Qb3 Qg4 11.Nc3 Bb4 12.f3 Bxc3+ 13.bxc3 Qd7 14.Bd3 Na5 
15.Qb4 b6 16.O-O Qe7 17.Qa4+ c6 18.Be4 Qc5 19.Rfe1 Nf6 20.Kh1 O-O 21.Bf5 
Nd5 22.Qe4 h6 23.Qxe5 Rde8 24.Be6+ Kh8 25.f4 Nc4 26.Qe4 Nd6 27.Qe5 Rf5 28.
Bxd5 Rfxe5 29.fxe5 Rxe5 0-1

[Event "Euskadi tch 1D"]
[Site ""]
[Date "2012.01.14"]
[Round "1.3"]
[White "Vila Dupla, Aurelio"]
[Black "Diez Fraile, David"]
[Result "1/2-1/2"]
[WhiteElo "2191"]
[BlackElo "2185"]

1.Nf3 Nf6 2.c4 g6 3.g3 Bg7 4.Bg2 O-O 5.O-O d6 6.d4 c5 7.Nc3 Nc6 8.e3 Bf5 
9.b3 e5 10.d5 Ne7 11.Nh4 Bd7 12.Bd2 Ne8 13.f4 exf4 14.exf4 a6 15.a4 Nf6 
16.Ra2 Re8 17.h3 Nf5 18.Nxf5 Bxf5 19.Re1 h5 20.Kh2 Qd7 21.Qf3 Kf8 22.Qf1 
Rxe1 23.Bxe1 Re8 24.Re2 Bd3 25.Rxe8+ Qxe8 26.Qxd3 Qxe1 27.Ne4 Nxe4 1/2-1/2

[Event "Euskadi tch 1D"]
[Site ""]
[Date "2012.01.14"]
[Round "1.3"]
[White "Arias Garcia, Luis Javier"]
[Black "Aguinaga Ruiz, Jesus Luis"]
[Result "1-0"]
[WhiteElo "2168"]
[BlackElo "1956"]

1.Nf3 d5 2.c4 c6 3.b3 Bf5 4.g3 Nf6 5.Bg2 e6 6.O-O Nbd7 7.Bb2 Be7 8.d4 O-O 
9.Nh4 Bxb1 10.Qxb1 Ng4 11.Nf3 f5 12.e3 Qe8 13.h3 Nh6 14.Qd3 Nf6 15.a3 a5 
16.Ne5 Ne4 17.Bc3 Nf7 18.Nf3 Bd6 19.b4 axb4 20.axb4 Qe7 21.b5 Bb4 22.Bb2 
Nfd6 23.bxc6 dxc4 24.Qd1 bxc6 25.Ne5 Qb7 26.Bxe4 fxe4 27.Qc2 Qb5 28.Rfc1 
Rxa1 29.Rxa1 Rb8 30.Ra7 Be1 31.Ba3 Bb4 32.Bb2 Be1 33.Ba3 Bb4 34.Bc1 c3 35.
Qb3 Qd5 36.Qxb4 Nb5 37.Rd7 Qa2 38.Qe7 1-0

[Event "Euskadi tch 1D"]
[Site ""]
[Date "2012.01.14"]
[Round "1.3"]
[White "Lasa Garcia, Javier"]
[Black "Sierra Lopez, Ceferino"]
[Result "1/2-1/2"]
[WhiteElo "1835"]
[BlackElo "2011"]

1.d4 e6 2.Nf3 Nf6 3.Bg5 d5 4.e3 Be7 5.Bd3 Nbd7 6.Nbd2 O-O 7.O-O c5 8.c3 b6
9.Ne5 Nxe5 10.dxe5 Nd7 11.Bxe7 Qxe7 12.f4 f5 13.Nf3 Bb7 14.Ng5 h6 15.Nf3 
g5 16.Qe1 Rf7 17.h3 Rg7 18.Nh2 gxf4 19.exf4 c4 20.Bc2 d4 21.Nf3 d3 22.Bd1 
Nc5 23.b3 b5 24.bxc4 bxc4 25.Rb1 Ne4 26.Qe3 Nxc3 27.Rc1 Qa3 28.Nh4 Nxd1 
29.Rfxd1 Qxa2 30.Rd2 Qb3 31.Qd4 Bd5 32.Ra1 Qb4 33.Rxd3 Qe7 34.Nxf5 Rxg2+ 
35.Kf1 Qh7 36.Rg3+ Rxg3 37.Nxg3 Qc2 38.Ne2 a5 39.Kf2 a4 40.Rc1 Qf5 41.Qb6 
Qxh3 42.Rg1+ Kh8 43.Qc7 Qh4+ 44.Ke3 Rg8 45.Rxg8+ Kxg8 46.Qc8+ Kf7 47.Qd7+ 
Kg6 48.Qe8+ Kg7 49.Qd7+ Kf8 50.Qxa4 Qh3+ 51.Kf2 Qf3+ 52.Ke1 Qe3 53.Qb4+ 
Kf7 54.Qd6 Kg6 55.Qf8 1/2-1/2

[Event "Euskadi tch 1D"]
[Site ""]
[Date "2012.01.14"]
[Round "1.3"]
[White "Albo Ruiz, Jose Martin"]
[Black "Sempere Gomis, Andres Valentin"]
[Result "1-0"]
[WhiteElo "1890"]
[BlackElo "1840"]

1.c4 Nf6 2.Nc3 e6 3.g3 c6 4.Bg2 d5 5.Qb3 d4 6.Nd1 Nbd7 7.d3 Be7 8.Nf3 e5 
9.O-O Qc7 10.e3 c5 11.Nh4 Nb6 12.Re1 O-O 13.exd4 exd4 14.Bd2 Be6 15.f4 
Rfe8 16.Nf2 Bd7 17.Ba5 Bc6 18.Nf3 Bf8 19.a3 Rxe1+ 20.Rxe1 Re8 21.Rxe8 Nxe8
22.Ng4 f6 23.Qc2 Qd7 24.h3 Qe6 25.Qf2 h5 26.Ngh2 Nc8 27.Bd2 Ncd6 28.Nh4 
Bxg2 29.Kxg2 Nf5 30.Nxf5 Qxf5 31.Qf3 Nd6 32.g4 hxg4 33.hxg4 Qe6 34.f5 Qf7 
35.Nf1 b6 36.Ng3 Qb7 37.Ne2 Qxf3+ 38.Kxf3 Nf7 39.Bf4 Bd6 40.Bxd6 Nxd6 41.
b4 Kf7 42.bxc5 bxc5 43.Nf4 a5 44.Ne6 Nb7 45.Ke4 g6 46.Kd5 gxf5 47.gxf5 Ke7
48.Nxc5 Nd6 49.Nb3 Nxf5 50.Nxd4 Nxd4 51.Kxd4 Kd6 1-0

[Event "Euskadi tch 1D"]
[Site ""]
[Date "2012.01.21"]
[Round "2.1"]
[White "Reinaldo Castineira, Roi"]
[Black "Alvarez Ponga, Hugo"]
[Result "1-0"]
[WhiteElo "2470"]
[BlackElo "2099"]

1.Nf3 Nf6 2.c4 c5 3.g3 g6 4.Bg2 Bg7 5.d4 cxd4 6.Nxd4 O-O 7.O-O Nc6 8.Nc3 
Nxd4 9.Qxd4 d6 10.Qd3 Qc7 11.Bg5 Be6 12.b3 Ng4 13.Rac1 h6 14.Bf4 Qc5 15.
Nd5 Bxd5 16.Bxd5 g5 17.Bd2 Ne5 18.Qe4 e6 19.Bxb7 Rab8 20.Qg2 f5 21.Bc3 Rf7
22.Bxe5 Bxe5 23.Bc6 Qa5 24.Rc2 Rc7 25.Rd1 Qb6 26.Ba4 Rf8 27.Rcd2 f4 28.g4 
Rcf7 29.Qe4 Kg7 30.b4 Qxb4 31.Bc2 Kh8 32.Qg6 f3 33.Qxh6+ Kg8 34.Qg6+ Kh8 
35.Rd3 Rf6 36.Qh5+ Kg7 37.Rb3 Bxh2+ 38.Qxh2 1-0

[Event "Euskadi tch 1D"]
[Site ""]
[Date "2012.01.21"]
[Round "2.2"]
[White "Alvarado Fernandez, Mikel"]
[Black "Pogorelovuslan"]
[Result "0-1"]
[WhiteElo "2006"]
[BlackElo "2415"]

1.d4 Nf6 2.Bg5 e6 3.e4 h6 4.Bxf6 Qxf6 5.Nc3 d6 6.Qd2 g5 7.O-O-O Bg7 8.g3 
Nc6 9.Nb5 O-O 10.f4 a6 11.e5 Qe7 12.Nc3 dxe5 13.dxe5 gxf4 14.gxf4 f6 15.
Nf3 fxe5 16.Nxe5 Nxe5 17.fxe5 Qc5 18.Qg2 Qxe5 19.Rg1 Qg5+ 20.Qxg5 hxg5 21.
Rxg5 Kf7 22.Rg3 Be5 23.Rf3+ Ke8 24.Rxf8+ Kxf8 25.h4 Ke7 26.Ne4 Bd7 27.Bd3 
Bf4+ 28.Kb1 Rh8 29.Rh1 Bc6 30.h5 e5 31.b3 Ke6 32.Kb2 a5 33.a4 b6 34.Kc3 
Rh6 35.Rg1 Bxe4 36.Bxe4 Rxh5 37.Rg6+ Kf7 38.Rc6 Rh3+ 39.Kc4 Be3 40.Rxc7+ 
Kf6 41.Kd5 Bd4 42.Rc6+ Kg5 43.Rc8 Kf4 44.Rf8+ Ke3 45.Rc8 Kd2 46.Rc6 Rh8 
47.Bd3 Ke3 48.Re6 Rd8+ 49.Kc6 Rc8+ 50.Kd7 Rc3 51.Bg6 Kd2 52.Rc6 Rg3 53.Bf5
Ke3 54.Re6 Rg5 55.Bd3 Kd2 56.Kc6 Rg3 57.Be4 Rc3+ 58.Kb5 Ke3 59.Bg6 Kf4 60.
Bd3 Rc8 61.b4 axb4 62.Kxb4 Ke3 63.Bf5 Rf8 64.Bd3 Rf4 65.Kb5 Bc3 66.Rxb6 
Rb4+ 67.Kc6 Rxa4 68.Kd7 Ra7+ 69.Ke8 Kd4 70.Rc6 Bd2 71.Rc4+ Kd5 72.Rc8 Bg5 
73.Rb8 Be3 74.Rd8+ Ke6 75.Bc4+ Kf5 76.Rd7 Ra8+ 77.Rd8 Ra4 78.Rc8 e4 79.Kd7
Bf4 80.Rc5+ Kg4 81.Be2+ Kg3 82.Ke6 e3 83.Rc4 Ra8 84.Re4 Rd8 85.Kf5 Rd5+ 
86.Ke6 Rd2 87.Bd3 {Hasta 152 jugadas} 0-1